Management in Banking (Record no. 3680)

MARC details
005 - DATE AND TIME OF LATEST TRANSACTION
control field 20250613084754.0
020 ## - INTERNATIONAL STANDARD BOOK NUMBER
International Standard Book Number 0-273-03967-9
082 ## - DEWEY DECIMAL CLASSIFICATION NUMBER
Classification number 332.1068 COU
100 ## - MAIN ENTRY--PERSONAL NAME
Author name COULT, H
245 ## - TITLE STATEMENT
Title Management in Banking
250 ## - EDITION STATEMENT
Edition statement 2nd Ed.
260 ## - PUBLICATION, DISTRIBUTION, ETC.
Place of publication, distribution, etc. London
Name of publisher, distributor, etc. Longman
Date of publication, distribution, etc. 1992.
300 ## - PHYSICAL DESCRIPTION
Extent ix,242p.: ill.;pictures
Other physical details Index
Dimensions 24.5cm
942 ## - ADDED ENTRY ELEMENTS (KOHA)
Source of classification or shelving scheme Dewey Decimal Classification
Koha item type Books
Holdings
Date last seen Total checkouts Full call number Barcode Price effective from Koha item type Lost status Source of classification or shelving scheme Damaged status Not for loan Withdrawn status Home library Current library Shelving location Date acquired Source of acquisition
06/11/2025   332.1068 COU MZA000739 06/11/2025 Books   Dewey Decimal Classification       CBE Mwanza CBE Mwanza General Collection 07/10/2007 Library Budget